00438nam a2200109 a 4500008004100000100001700041245021500058260002900273020000700302044001100309041000800320110107s1974|||| d1 aLenin, V. I.10aO úlohe ženy v spoločnosti a skúsenosti z riešenia ženskej otázky v socialistických krajináchbMateriály medzinárodného sýmpózia, venovaného 100. výročiu narodenia V. I. Lenina bPravdaaBratislavac1974 c11 axocSK aslo